Экстракционно-фотоколориметрический метод определения микроколичеств кобальта в рудах [В]-нитрозо-[L]-нафтолом; Тезисы докладов на шестой конференции работников заводских и производственных лабораторий Казахстана и Средней Азии

Manylion Llyfryddiaeth
Parent link:Тезисы докладов на шестой конференции работников заводских и производственных лабораторий Казахстана и Средней Азии.— 1961.— С. 38-39
Prif Awdur: Лельчук Ю. Л.
Awduron Eraill: Скрипова Л. Л., Кристалев П. В.
Crynodeb:В фонде НТБ ТПУ отсутствует
Iaith:Rwseg
Cyhoeddwyd: 1961
Pynciau:
Fformat: Pennod Llyfr
KOHA link:https://koha.lib.tpu.ru/cgi-bin/koha/opac-detail.pl?biblionumber=591341

MARC

LEADER 00000naa0a2200000 4500
001 591341
005 20250127140232.0
035 |a (RuTPU)RU\TPU\tpu\1540 
035 |a TPU00001540 
090 |a 591341 
100 |a 20011210d1961 k y0rusy50 ca 
101 0 |a rus 
102 |a RU 
200 1 |a Экстракционно-фотоколориметрический метод определения микроколичеств кобальта в рудах [В]-нитрозо-[L]-нафтолом  |f Ю. Л. Лельчук, Л. Л. Скрипова, П. В. Кристалев 
333 |a В фонде НТБ ТПУ отсутствует 
463 |t Тезисы докладов на шестой конференции работников заводских и производственных лабораторий Казахстана и Средней Азии  |v С. 38-39  |d 1961 
610 1 |a химические науки 
610 1 |a труды учёных ТПУ 
700 1 |a Лельчук  |b Ю. Л. 
701 1 |a Скрипова  |b Л. Л. 
701 1 |a Кристалев  |b П. В. 
801 0 |a RU  |b 63413507  |c 20011210  |g PSBO 
801 2 |a RU  |b 63413507  |c 20111110  |g PSBO 
942 |c BK